Carta encíclica que nuestro Santísimo Padre el Papa León XIII dirije al orbe católico, acerca de la masonería

Bewaard in:
Bibliografische gegevens
Hoofdauteur: León XIII (Auteur)
Formaat: Boek
Taal:Spaans
Gepubliceerd in: Valparaíso Imprenta i Librería Americana, de Federico Lathrop 1880
Editie:1a. ed
Onderwerpen:
Tags: Voeg label toe
Geen labels, Wees de eerste die dit record labelt!

MARC

LEADER 00000nam a2200000 a 4500
001 UCJ6336
003 CL-VaPUC
008 070124e18800000CL |||||||||||||||||spa|d
082 0 4 |a 262  |b LEO  |2 21 
100 |a León XIII  |e author  |9 310697 
245 1 0 |a Carta encíclica que nuestro Santísimo Padre el Papa León XIII dirije al orbe católico, acerca de la masonería 
250 |a 1a. ed 
300 |a 50 p 
942 |c BK 
945 |d 20070124 00:00:00  |a rinostro 
260 |a Valparaíso  |b Imprenta i Librería Americana, de Federico Lathrop  |c 1880 
500 |a Empastado con otros documentos en un volumen rotulado Pastorales, que se ubica en 282 ORR 
650 0 |a Documentos pontificios   |9 255642 
650 0 |a Iglesia Católica  |9 256114 
650 0 |a Masonería   |9 256238 
583 |a last modification  |c 20070124 00:00:00  |k Rodrigo Vera 
999 |c 322444  |d 322442 
952 |0 0  |1 0  |4 0  |6 262_000000000000000_LEO_1880  |7 0  |8 X  |9 401433  |a FDOBUD  |b FDOBUD  |d 2019-11-22  |i 1046837  |o 262 LEO 1880  |p 1046837  |r 2019-11-22  |w 2019-11-22  |y BK_X  |k BUD